| 000 | 00523nam a22001817a 4500 | ||
|---|---|---|---|
| 003 | CEME | ||
| 005 | 20210628202700.0 | ||
| 008 | 210125b xxu||||| |||| 00| 0 eng d | ||
| 020 | _a1-58488-339-1 | ||
| 040 | _c. | ||
| 082 | _a620.5 NAN | ||
| 100 |
_aWilson, Mick Kannangara, Kamali Smith, Geoff Simmons, Michelle _961055 |
||
| 245 | _aNanotechnology basic science and emerging technologies | ||
| 260 |
_aNEW YORK _bCHAPMAN & HALL _c2002 |
||
| 300 | _aXVIII,271 P | ||
| 650 |
_aNANOTECHNOLOGY _92826 |
||
| 942 |
_cBK _2ddc |
||
| 999 |
_c570619 _d570619 |
||